000
00183nam a22000977a 4500
082
_a
823
_b
STI/F
100
_a
STINE, R L
245
_a
FIRST DATE
650
_a
ENGLISH STORY
942
_c
BK
999
_c
7679
_d
7679